Quản trị dự án hiện đại

Nội dung sách đề cập thiết lập mác mục tiêu và giới hạn của dự án, các phương pháp để kiểm soát và duy trì dự án theo quỹ đã cam kết.

Gorde:
Xehetasun bibliografikoak
Egile nagusia: Nguyễn, Văn Dung
Formatua: Liburua
Hizkuntza:Undetermined
Argitaratua: Hà Nội Tài chính 2010
Gaiak:
Etiketak: Etiketa erantsi
Etiketarik gabe, Izan zaitez lehena erregistro honi etiketa jartzen!
Thư viện lưu trữ: Trung tâm Học liệu Trường Đại học Cần Thơ
LEADER 00781nam a2200205Ia 4500
001 CTU_180912
008 210402s9999 xx 000 0 und d
020 |c 75000 
082 |a 658.404 
082 |b D513 
100 |a Nguyễn, Văn Dung 
245 0 |a Quản trị dự án hiện đại 
245 0 |c Nguyễn Văn Dung 
260 |a Hà Nội 
260 |b Tài chính 
260 |c 2010 
520 |a Nội dung sách đề cập thiết lập mác mục tiêu và giới hạn của dự án, các phương pháp để kiểm soát và duy trì dự án theo quỹ đã cam kết. 
650 |a Project management,Quản trị dự án 
904 |i Hải 
980 |a Trung tâm Học liệu Trường Đại học Cần Thơ